| 000 | 00374nam a22001577a 4500 | ||
|---|---|---|---|
| 003 | OSt | ||
| 005 | 20211108162726.0 | ||
| 008 | 211108b |||||||| |||| 00| 0 eng d | ||
| 020 | _a01556228 | ||
| 040 |
_aHU _cDDC |
||
| 082 | _a364/INC | ||
| 245 | _aCRIMINAL JUSTICE | ||
| 260 |
_aNEW YORK _bHARCOURT COLLEGE _c2002 |
||
| 300 |
_aXXIX,670P 25cm _bill |
||
| 942 |
_2ddc _cBOOKS _n0 |
||
| 999 |
_c17185 _d17185 |
||